| 000 | 00523nam a22001697a 4500 | ||
|---|---|---|---|
| 003 | PILC | ||
| 005 | 20150112093448.0 | ||
| 008 | 131018t xxu||||| |||| 00| 0 eng d | ||
| 020 | _a9810698034 | ||
| 050 |
_aHG 1615 _b.B516 2007 |
||
| 100 |
_aBerman, Barry _930044 |
||
| 245 |
_aFundamentals of retail management / _cBarry Berman and Joel R. Evans |
||
| 250 | _a10th ed. | ||
| 260 |
_aJurong, Singapore ; _bPearson Education South Asia Pte Ltd. _xyz2007. |
||
| 300 |
_a682 pages : _billustration ; _c27 cm. |
||
| 942 |
_2lcc _cBK |
||
| 999 |
_c15005 _d15005 |
||